LEADER 00961nam--2200337---450- 001 990003235930203316 005 20090506100043.0 035 $a000323593 035 $aUSA01000323593 035 $a(ALEPH)000323593USA01 035 $a000323593 100 $a20090506d19..----km-y0itay50------ba 101 $aeng 102 $aGB 105 $a||||||||001yy 200 1 $a<> introduction to abstract algebra$fF.M. Hall 210 $aCambridge$cAt the University Press$d19... 215 $av.$d21 cm 327 1 $a<> 1969; XII, 388 p. 606 0 $aAlgebra astratta 676 $a512.02 700 1$aHALL,$bF.M.$058981 801 0$aIT$bsalbc$gISBD 912 $a990003235930203316 951 $a512.02 HAL 2 (C)$b9410/CBS$c512.02$d00219880 959 $aBK 969 $aSCI 979 $aRSIAV6$b90$c20090506$lUSA01$h0916 979 $aRSIAV6$b90$c20090506$lUSA01$h1000 996 $aIntroduction to abstract algebra$945814 997 $aUNISA LEADER 00971nam0-22003611i-450 001 990007903220403321 005 20220207150749.0 010 $a88-7812-114-2 035 $a000790322 035 $aFED01000790322 035 $a(Aleph)000790322FED01 100 $a20040706d2003----km-y0itay50------ba 101 0 $aita 102 $aIT 105 $ay-------001yy 200 1 $aCinquecentina$fLorenzo Baldacchini 210 $aRoma$cAssociazione Italiana Biblioteche$d2003 215 $a79 p.$d17 cm 225 1 $aEnciclopedia tascabile$v24 610 0 $aCinquecentine 676 $a094.2$v23$zita 700 1$aBaldacchini,$bLorenzo$07826 801 0$aIT$bUNINA$gRICA$2UNIMARC 901 $aBK 912 $a990007903220403321 952 $aCOORDIU 30$b30$fCGB 952 $a13 U 01 56$b14103$fFINBC 952 $aXXX Cod. 675 (24)$b3279/2021$fFSPBC 959 $aFINBC 959 $aFSPBC 959 $aCGB 996 $aCinquecentina$9670619 997 $aUNINA